Šafářová vyradila Mauresmovú jedna z českých tenistiek bude určite vo štvorke najlepších

Bibliographic Details
Format: Article
Language:Slovak
PhysicalDescription:Fotogr.
ISSN:0139-7001
Subjects:

MARC

LEADER 00000nab a2200000 ar4500
001 vtls008940104
003 SK-MaSNL
005 20260303071319.0
008 070129c20070122xo wr|p|||||||000 b|slo
015 |a SNBRBL2007/01  |2 snkbucl 
038 |a SNKBUCL 
040 |a SNKBUCL  |b slo  |c SNKBUCL  |e AACR2 
041 0 |a slo 
044 |a xo  |c SK 
080 |a 796.342.093.1  |2 1997 
245 0 0 |a Šafářová vyradila Mauresmovú  |b jedna z českých tenistiek bude určite vo štvorke najlepších 
300 |b Fotogr. 
611 2 7 |a Majstrovstvá Austrálie v tenise  |d (2007 :  |c Melbourne, Vic.)  |2 snkbucl  |9 1044041 
650 0 7 |a tenis  |2 snkbucl  |9 3293 
773 0 |t Šport  |g Roč. 61, č. 17 (22.1.2007), s. 30  |x 0139-7001 
852 |a SNK  |b KIS3GCP 
999 |c 1759331  |d 1761261